000 00713nam a22002177a 4500
003 UA-OsUOA
001 80669
007 ta
008 20111222b un ||||| |||| 00| 0 ukr d
100 _aДемків О.І.
090 _a330(477)
_bД30
942 _cSA
040 _aUA-OsUOA
_bukr
_cUA-OsUOA
_dUA-OsUOA
245 _aВплив фінансової кризи на бюджети органів місцевого самоврядування (на прикладі Львівської області)
300 _aС.76-90
955 _a0
041 _aukr
080 _a330(477)
773 0 _w80662
_tФінанси України
_dК.
_d2011
_g8
650 7 _a330 Економіка взагалі
_2UDC
999 _c366979
_d366979